Words that End in "-ough" - Statistics

General Stats
  • This quiz has been taken 266 times
    210 since last reset
  • The average score is 9 of 20
Answer Stats
Answer % Correct
Rough
83%
Tough
83%
Dough
78%
Cough
76%
Bough
65%
Though
65%
Trough
62%
Enough
57%
Through
57%
Lough
49%
Plough
46%
Slough (Slough off)
41%
Sough
40%
Thorough
40%
Borough
35%
Although
27%
Furlough
10%
Hiccough
5%
Sourdough
3%
Breakthrough
1%
No matching quizzes found
Score Distribution
Percent of People with Each Score
Percentile by Number Answered
Your Score History
You have not taken this quiz since the last reset